| 000 | 00628nam a2200241Ia 4500 | ||
|---|---|---|---|
| 003 | OSt | ||
| 005 | 20221007080617.0 | ||
| 006 | a|||||r|||| 00| 0 | ||
| 007 | ta | ||
| 008 | 221006b |||||||| |||| 00| 0 eng d | ||
| 024 | _a29,735 | ||
| 037 | _cTextual | ||
| 040 |
_aFLL _cFLL _beng |
||
| 041 |
_2eng _aeng |
||
| 082 | _aZ2,2673, P7 | ||
| 100 |
_aEpstein Michael A. _9695056 |
||
| 245 | 0 | _aIntellectual property | |
| 250 | _a5th | ||
| 260 |
_aNew Delhi _bWolters Kluwer India India _c2007 |
||
| 300 |
_aD.P. _ccm. |
||
| 942 |
_hZ2,2673, P7 _cTEXL _2CC |
||
| 999 |
_c1160273 _d1160273 |
||